Statistics for Top 5 NFL Players ever to play for the Raiders

Click here to take the quiz!

General Stats

  • This quiz has been taken 41 times
  • The average score is 3 of 5

Answer Stats

CareerPos.Answer% Correct
2005-2006WRRandy Moss
92%
2001-2004WRJerry Rice
90%
1960-1974CJim Otto
59%
1991-1992SRonnie Lott
59%
1968-1982OTArt Shell
36%

Score Distribution

Percentile by Number Answered

Percent of People with Each Score

Your Score History

You have not taken this quiz